| 000 | nam a22 a 4500 | ||
|---|---|---|---|
| 999 |
_c2181 _d2181 |
||
| 003 | AKMAL | ||
| 005 | 20170515150506.0 | ||
| 008 | 170515s19811977my a e b a000 0 may d | ||
| 039 | 9 |
_a201304051058 _bmaulidiah _c200711221358 _drfid1 _c200612051034 _dmazliana _c200604221031 _dfadilah |
|
| 040 | _aAKMAL | ||
| 082 | 0 | 4 |
_a370.193'49 IBR _222 |
| 090 | 0 | 0 |
_a370.193'49 _bIBR |
| 100 | 0 |
_aIbrahim Saad _94594 |
|
| 245 | 1 | 0 |
_aPendidikan dan politik di Malaysia / _cIbrahim Saad |
| 260 |
_aKuala Lumpur : _bDewan Bahasa dan Pustaka , _c1981 |
||
| 300 |
_a117ms. : _bil. ; _c22cm. |
||
| 504 | _aBibliography: p.97-104 | ||
| 650 | 1 | 0 |
_aEducation _zMalaysia _9844 |
| 650 | 2 | 0 |
_aEducation and state _zMalaysia _9596 |
| 942 |
_2ddc _cBOOK |
||